000 00493nam a2200205Ia 4500
003 OSt
005 20230420150031.0
008 210423s1991 xx 000 0 und d
020 _a9780140104806
040 _cAL
041 _aeng
082 _a823 TULM
100 _aTULLY (Mark).
_991123
245 _aNo full stops in India.
260 _aNew Delhi
_bPenguin Books Ltd
_c1991
300 _a336
_bPB
365 _b350
_cINR
906 _afull ; India. ; No ; stops
942 _2ddc
_cBK
999 _c160341
_d160341